Every City and Settlement in the Northwest Territories on a Map - Statistics

General Stats
  • This quiz has been taken 88 times
  • The average score is 9 of 33
Answers on the Map
Answers color-coded by a green-red scale on the quiz's map according to % correct below.
 
Answer Stats
Type Pop City % Correct
City 20.3 k Yellowknife
100%
Town 3.1 k Inuvik
61%
Town 2.2 k Fort Smith
48%
Town 3.1 k Hay River
48%
Designated authority 259 Kátł’odeeche
48%
Hamlet 937 Tuktoyaktuk
48%
Town 673 Norman Wells
41%
Village 1.1 k Fort Simpson
36%
Hamlet 618 Fort Providence
34%
Hamlet 536 Aklavik
32%
Hamlet 468 Fort Liard
30%
Hamlet 104 Sachs Harbour
29%
Self government 1.7 k Behchokǫ̀
25%
Self government 507 Fort Good Hope
25%
Hamlet 647 Fort McPherson
25%
Self government 573 Délı̨nę
23%
Hamlet 75 Enterprise
23%
Hamlet 412 Fort Resolution
21%
Self government 543 Whatì
21%
Designated authority 192 Dettah
20%
Self government 252 Gamèti
20%
Designated authority 63 Jean Marie River
20%
Designated authority 110 Colville Lake
18%
Designated authority 333 Łutselk'e
18%
Hamlet 298 Paulatuk
18%
Hamlet 408 Ulukhaktok
16%
Designated authority 39 Kakisa
14%
Designated authority 81 Nahanni Butte
14%
Designated authority 97 Sambaa K'e
14%
Hamlet 396 Tulita
14%
Self government 109 Wekweètì
14%
Designated authority 117 Wrigley
14%
Hamlet 138 Tsiigehtchic
11%
No matching quizzes found
Score Distribution
Percent of People with Each Score
Percentile by Number Answered
Your Score History
You have not taken this quiz